000 00804nam0a22002651 4500
001 rc\3284239
005 20130115144939.1
021 _aRU
_bРг3020-75
021 _aRU
_b74-27643
035 _a(NLR Aleph) 007399790
090 _a6699910
_c6699910
100 _a20130115d1974 |||y0rusy50 ca
101 0 _arus
102 _aRU
105 _aa z |||||
200 1 _aПро Вурку-выдренка
_e[Книжка-картинка]
_f[Худож. А.Брей]
210 _a[Москва]
_cМалыш
_d1974
215 _a1 л., слож. в [10] с.
_cил.
_d21
700 1 _aЧаплина
_bВ. В.
_f1908-1994
_gВера Васильевна
702 1 _aБрей
_bА.
_4440
801 0 _aRU
_bNLR
_gpsbo
801 1 _aRU
_bELAR
_2rusmarc
852 _aNLR
_j74-4/34029
942 _cBOOK
980 _aNB